000 01517nam a22002897a 4500
001 3556
003 FISKH
005 20251218143455.0
008 240320b cb ||||| |||| 00| 0 eng d
020 _a9781595450210
040 _aFISKH
_beng
_cFISKH
_dFISKH
050 _aQL467.2
082 _a595.7
100 _aNicholas, Christopher
_eauthor
245 _aBugs ! /
_cby Christopher Nicolas
260 _aSingapore :
_bLearning Horizons, Inc ,
_c2001
300 _a24 unnumbered pages :
_bcolor illustrations ;
_c19 cm .
490 _a Know-It-Alls Series
505 _aN
520 _aAs part of the unique, science Know-It-Alls! Series that features stunning covers and engaging text, this book puts the spotlight on Bugs! Did you know that insects have a special body? All insects have a hard shell on the outside called an exoskeleton. Awesome life-like illustrations and informative stat boxes, filled with interesting facts, make this 24-page book fun and exciting for young science enthusiasts age 4 and up! Titles in the Know-It-Alls! Series include: Butterflies, Crocodiles, Dinosaurs, Farm Animals, Safari Babies, Snakes, Sharks, Spiders, Whales, Wolves, Puppies, Wild Cats, Bugs, Birds of Prey, Fish, Frogs, Apes, Seals, Bats, Bears, Predators, Mummies, Volcanoes, Lizards, Kittens and Horses.
521 8 _a590
_bLexile
521 8 _aN
_bRaz-Plus
650 _abutterflies
_vNon-fiction
700 _aMaydak, Mike
_eillustrator
942 _2ddc
_cBK
_n0
999 _c3556
_d3556